000 00501nam a2200169Ia 4500
999 _c22085
_d22085
003 OSt
005 20200207151118.0
008 190216s9999||||xx |||||||||||||| ||und||
040 _coclc
082 _a297.63
_bHAY/N
100 _aHayy, Muhammed Abdul
_91901
245 0 _aNabiyude Jeevitham /
_cMuhammed Abdul Hayy
260 _bIslamic Publishing House,
_c2003.
_aKozhikode:
300 _a170p
650 _aIslamic Culture
942 _cBK
_2ddc
_h297.63
_iHAY/N
_k297.63
_mHAY/N